| 000 | 00423nam a2200157 4500 | ||
|---|---|---|---|
| 001 | 140319 | ||
| 003 | ES-MaACL | ||
| 005 | 20230906200044.0 | ||
| 007 | t| | ||
| 008 | 070214s1966 sp r ||||1| spa d | ||
| 100 | 1 |
_aSchuster, Franz. _9104836 |
|
| 245 | 1 | 0 |
_aStaircases / _cFranz Schuster. |
| 260 |
_aBarcelona : _bBlume, _c1966. |
||
| 300 |
_a176 p., 62 lám. : _bil. ; _c30 cm. |
||
| 852 |
_aES-MaACL _jC-32933 _bR.63109 |
||
| 999 |
_c140319 _d140319 |
||